[Event "8th ITLukavac 2019"]
[Site "Lukavac, hotel Lukavac"]
[Date "2019.11.22"]
[Round "1"]
[Board "25"]
[White "Barisic, Predrag"]
[Black "Lazic, Emanuel"]
[Result "1-0"]
[WhiteElo "2045"]
[BlackElo "1549"]
[PlyCount "63"]
[EventDate "2019.11.22"]
[EventRounds "7"]
[EventCountry "BIH"]

1. d4 Nf6 2. Nf3 c5 3. d5 g6 4. c4 b5 5. cxb5 a6 6. b6 d6 7. Nc3 Nbd7 8. e4 Bg7
9. Bd3 Nxb6 10. O-O O-O 11. h3 Qc7 12. Bf4 Re8 13. Re1 Bd7 14. a4 c4 15. Bf1
Reb8 16. e5 Ne8 17. Qd2 Qc5 18. Re4 Qb4 19. a5 Nc8 20. e6 fxe6 21. dxe6 Bb5 22.
Bh6 Nf6 23. Bxg7 Kxg7 24. Rh4 Ng8 25. Qd4+ Nf6 26. Ng5 h6 27. Nge4 Na7 28. Nxf6
exf6 29. Nd5 Qc5 30. Qxf6+ Kh7 31. Qf7+ Kh8 32. Rxh6#  1-0

[Event "8th ITLukavac 2019"]
[Site "Lukavac, hotel Lukavac"]
[Date "2019.11.22"]
[Round "1"]
[Board "26"]
[White "Skula, Lejla"]
[Black "Mahmutbegovic, Muharem"]
[Result "0-1"]
[WhiteElo "1543"]
[BlackElo "2042"]
[PlyCount "52"]
[EventDate "2019.11.22"]
[EventRounds "7"]
[EventCountry "BIH"]

1. d4 Nf6 2. c4 g6 3. Nc3 Bg7 4. Nf3 d6 5. e3 O-O 6. Bd3 Nbd7 7. O-O e5 8. Re1
Re8 9. Qc2 exd4 10. Nxd4 Nc5 11. e4 Nfxe4 12. Nxe4 Nxe4 13. Rxe4 Rxe4 14. Bxe4
Bxd4 15. Bd2 Qf6 16. Bc3 Bxc3 17. bxc3 c6 18. Re1 Bd7 19. Bd3 Re8 20. Rxe8+
Bxe8 21. Qb3 b6 22. a4 Qe5 23. g3 Bd7 24. Kg2 Be6 25. Qb2 d5 26. cxd5 Qxd5+  0-1

[Event "8th ITLukavac 2019"]
[Site "Lukavac, hotel Lukavac"]
[Date "2019.11.22"]
[Round "1"]
[Board "28"]
[White "Music, Edin"]
[Black "Pasalic, Adnan"]
[Result "0-1"]
[WhiteElo "1479"]
[BlackElo "2029"]
[PlyCount "118"]
[EventDate "2019.11.22"]
[EventRounds "7"]
[EventCountry "BIH"]

1. d4 e6 2. Nf3 Nf6 3. c4 b6 4. Nc3 Bb7 5. Bg5 d5 6. e3 Be7 7. Bd3 O-O 8. O-O
Nbd7 9. Rc1 c6 10. cxd5 exd5 11. Ne2 Ne4 12. Bxe7 Qxe7 13. Ng3 f5 14. Nd2 Rac8
15. Ndxe4 fxe4 16. Be2 Rf7 17. Bh5 g6 18. Bg4 Rcf8 19. b4 Nf6 20. Bh3 Ne8 21.
Qa4 a6 22. Qd1 Nd6 23. Qg4 Bc8 24. Qe2 Bxh3 25. gxh3 Nc4 26. a3 Rf3 27. Rxc4
dxc4 28. Qxc4+ Qf7 29. Qxf7+ R8xf7 30. Nxe4 Re7 31. Kg2 Rf5 32. f3 a5 33. Rc1
Re6 34. h4 h6 35. bxa5 Rxa5 36. Rc3 Kf8 37. Nd2 Ke8 38. Nc4 Ra6 39. e4 Kd7 40.
Ne5+ Kc7 41. Nd3 Kb7 42. Rb3 Kc7 43. Rc3 Kb7 44. Rb3 Ka7 45. Kf2 Ra5 46. e5 Re8
47. f4 c5 48. dxc5 bxc5 49. Nb2 Rb8 50. Rxb8 Kxb8 51. Ke3 Rxa3+ 52. Ke4 Ra2 53.
Nc4 Kc7 54. e6 Re2+ 55. Kd5 Rxh2 56. Ke5 Rxh4 57. Nb6 Kxb6 58. e7 Rh1 59. Kf6
Re1  0-1

[Event "8th ITLukavac 2019"]
[Site "Lukavac, hotel Lukavac"]
[Date "2019.11.22"]
[Round "1"]
[Board "29"]
[White "Savic, Milorad"]
[Black "Hrncic, Amer"]
[Result "1-0"]
[WhiteElo "2005"]
[BlackElo "1458"]
[PlyCount "99"]
[EventDate "2019.11.22"]
[EventRounds "7"]
[EventCountry "BIH"]

1. e4 c5 2. Nf3 d6 3. g3 Nf6 4. Nc3 e6 5. d4 cxd4 6. Qxd4 Nc6 7. Bb5 Qc7 8. Bg5
Be7 9. O-O-O O-O 10. Bxc6 Qxc6 11. Rhe1 b6 12. Bxf6 Bxf6 13. Qxd6 Bb7 14. Re3
Rad8 15. Qxc6 Rxd1+ 16. Nxd1 Bxc6 17. Nd2 Rd8 18. e5 Be7 19. a3 Bc5 20. Rc3 Rc8
21. Nb3 Be8 22. Nxc5 Rxc5 23. Rxc5 bxc5 24. Ne3 Kf8 25. Kd2 Ke7 26. Nc4 Kd7 27.
Nd6 f5 28. Nxe8 Kxe8 29. Kc3 Kd7 30. Kc4 Kc6 31. b4 cxb4 32. axb4 g5 33. f3 h5
34. b5+ Kb6 35. Kb4 a5+ 36. bxa6 Kxa6 37. Kc5 Kb7 38. Kd6 Kc8 39. Kxe6 f4 40.
gxf4 gxf4 41. Kf7 Kd8 42. e6 Kc7 43. e7 Kd7 44. e8=Q+ Kd6 45. Qe4 Kc7 46. Ke7
Kb6 47. Qd5 Kc7 48. Qd6+ Kb7 49. Kd7 Ka7 50. Kc7  1-0

[Event "8th ITLukavac 2019"]
[Site "Lukavac, hotel Lukavac"]
[Date "2019.11.22"]
[Round "1"]
[Board "30"]
[White "Lukic, Djordje"]
[Black "Mahmutbegovic, Nadina"]
[Result "0-1"]
[WhiteElo "1407"]
[BlackElo "1983"]
[PlyCount "60"]
[EventDate "2019.11.22"]
[EventRounds "7"]
[EventCountry "BIH"]

1. e4 c6 2. d4 d5 3. e5 Bf5 4. Ne2 e6 5. Ng3 Bg6 6. h4 h6 7. h5 Bh7 8. Bd3 Bxd3
9. cxd3 Nd7 10. O-O Qb6 11. Be3 Be7 12. f4 O-O-O 13. f5 Bh4 14. Qg4 Bxg3 15.
Qxg3 Ne7 16. fxe6 fxe6 17. Qxg7 Nf5 18. Rxf5 exf5 19. e6 Qxb2 20. exd7+ Kb8 21.
Bxh6 Rhg8 22. Qe5+ Ka8 23. g3 Qxa1 24. Bf4 Qxb1+ 25. Kh2 Rxd7 26. Qe6 Rdd8 27.
Bc7 Rde8 28. Qxf5 Ref8 29. Qh7 Rf2+ 30. Kh3 Qh1#  0-1

[Event "8th ITLukavac 2019"]
[Site "Lukavac, hotel Lukavac"]
[Date "2019.11.22"]
[Round "1"]
[Board "31"]
[White "Pestek, Elvis"]
[Black "Babajic, Ehlimana"]
[Result "1-0"]
[WhiteElo "1972"]
[BlackElo "1247"]
[PlyCount "49"]
[EventDate "2019.11.22"]
[EventRounds "7"]
[EventCountry "BIH"]

1. e4 c5 2. Nf3 Nc6 3. d4 cxd4 4. Nxd4 Qa5+ 5. Nc3 Nf6 6. f3 e5 7. Ndb5 a6 8.
Nd6+ Bxd6 9. Qxd6 Qb4 10. Qd3 Qd4 11. Be3 Qxd3 12. Bxd3 O-O 13. O-O-O h6 14.
Bb6 Re8 15. Bc4 Na7 16. a3 Nc6 17. Rd2 Nh7 18. Nd5 Rf8 19. h4 Kh8 20. g4 g6 21.
Be3 h5 22. Nb6 Rb8 23. Bc5 hxg4 24. Bxf8 Nxf8 25. fxg4  1-0

[Event "8th ITLukavac 2019"]
[Site "Lukavac, hotel Lukavac"]
[Date "2019.11.22"]
[Round "1"]
[Board "32"]
[White "Siljegovic, Nadina"]
[Black "Zivkovic, Milenko"]
[Result "0-1"]
[WhiteElo "1247"]
[BlackElo "1971"]
[PlyCount "116"]
[EventDate "2019.11.22"]
[EventRounds "7"]
[EventCountry "BIH"]

1. e4 e5 2. Nf3 Nf6 3. Nc3 Nc6 4. Bc4 Nxe4 5. Nxe4 d5 6. Bd3 dxe4 7. Bxe4 Ne7
8. Nxe5 Qd4 9. Qe2 Qxe5 10. d3 f5 11. Bf3 Qxe2+ 12. Bxe2 Bd7 13. O-O O-O-O 14.
Bf3 Bc6 15. Bxc6 Nxc6 16. Re1 Bd6 17. Bd2 Nd4 18. Rac1 Rde8 19. Be3 Nc6 20. Re2
f4 21. Rce1 fxe3 22. Rxe3 Kd7 23. Kf1 Bc5 24. Rf3 Rhf8 25. Rxf8 Rxe1+ 26. Kxe1
Bxf8 27. Kd2 Bc5 28. f3 Ke6 29. c3 Bg1 30. h3 Kf5 31. g3 Bf2 32. g4+ Kf4 33.
Ke2 Bc5 34. d4 Bxd4 35. cxd4 Nxd4+ 36. Kd3 Nxf3 37. Kc4 Kg3 38. Kd5 Ng5 39. Ke5
Kxh3 40. Kf5 Kh4 41. Kf4 c5 42. Kf5 g6+ 43. Kf4 b5 44. Ke5 Kxg4 45. Kd5 c4 46.
Kc5 a6 47. Kb6 b4 48. Kxa6 c3 49. bxc3 bxc3 50. a4 c2 51. a5 c1=Q 52. Ka7 Qc8
53. a6 Ne6 54. Kb6 Qc7+ 55. Kb5 Qc5+ 56. Ka4 Nd4 57. a7 Qb5+ 58. Ka3 Qb3#  0-1

[Event "8th ITLukavac 2019"]
[Site "Lukavac, hotel Lukavac"]
[Date "2019.11.22"]
[Round "1"]
[Board "33"]
[White "Mesic, Ismet"]
[Black "Unuvar, Kaan"]
[Result "1-0"]
[WhiteElo "1964"]
[BlackElo "1144"]
[PlyCount "63"]
[EventDate "2019.11.22"]
[EventRounds "7"]
[EventCountry "BIH"]

1. d4 d5 2. c4 e6 3. Nf3 Nf6 4. Nc3 c6 5. Bg5 Nbd7 6. e3 Be7 7. Bd3 b6 8. O-O
Bb7 9. Rc1 O-O 10. cxd5 exd5 11. Re1 Re8 12. Bb1 Rc8 13. Qd3 g6 14. h3 Kg7 15.
Bf4 Nb8 16. Qd2 Bd6 17. e4 dxe4 18. Nxe4 Nxe4 19. Bh6+ Kg8 20. Bxe4 Nd7 21. Ng5
Nf6 22. Bf3 Qc7 23. Ne4 Nxe4 24. Bxe4 Bf8 25. d5 Qd7 26. dxc6 Qxd2 27. Bxd2 Ba8
28. Bf3 Rxe1+ 29. Bxe1 Bc5 30. b4 Bd6 31. b5 Bc5 32. Rd1  1-0

[Event "8th ITLukavac 2019"]
[Site "Lukavac, hotel Lukavac"]
[Date "2019.11.22"]
[Round "1"]
[Board "34"]
[White "Djuric, Anastasija"]
[Black "Tomic, Jelena"]
[Result "0-1"]
[WhiteElo "1078"]
[BlackElo "1961"]
[PlyCount "94"]
[EventDate "2019.11.22"]
[EventRounds "7"]
[EventCountry "BIH"]

1. d4 Nf6 2. Nc3 d5 3. Bf4 e6 4. Nf3 Bb4 5. Bd2 Nbd7 6. e3 O-O 7. Bd3 c5 8. Na4
Bxd2+ 9. Qxd2 c4 10. Be2 Ne4 11. Qd1 Qa5+ 12. Nc3 Nxc3 13. bxc3 Qxc3+ 14. Nd2
f5 15. O-O f4 16. e4 Qxd4 17. exd5 exd5 18. Nf3 Qxd1 19. Rfxd1 Nf6 20. Nd2 Bf5
21. c3 Rfe8 22. Bf3 Bd3 23. Re1 Ne4 24. Nxe4 dxe4 25. Bg4 Re7 26. g3 f3 27.
Bxf3 Rf8 28. Be2 Ref7 29. Bxd3 exd3 30. Rf1 Re7 31. Rfe1 Rfe8 32. Red1 Re2 33.
f4 Rc2 34. Re1 Rxe1+ 35. Rxe1 d2 36. Rf1 Rc1 37. Rxc1 dxc1=Q+ 38. Kg2 Qxc3 39.
Kh3 Qf3 40. a4 c3 41. Kh4 c2 42. Kh3 c1=Q 43. Kh4 Qc5 44. f5 Qcxf5 45. g4 Q5f4
46. h3 h6 47. a5 Qg5#  0-1

[Event "8th ITLukavac 2019"]
[Site "Lukavac, hotel Lukavac"]
[Date "2019.11.23"]
[Round "2"]
[Board "1"]
[White "Jovovic, Milan"]
[Black "Muratovic, Efim"]
[Result "0-1"]
[WhiteElo "2061"]
[BlackElo "2398"]
[PlyCount "122"]
[EventDate "2019.11.22"]
[EventRounds "7"]
[EventCountry "BIH"]

1. d4 Nf6 2. Bf4 c5 3. e3 Qb6 4. Nc3 cxd4 5. exd4 d5 6. Nb5 Na6 7. c3 Bd7 8. a4
e6 9. h3 Be7 10. Nf3 O-O 11. a5 Qd8 12. Qb3 Ne4 13. Bd3 f6 14. O-O Bc6 15. Rfe1
Qd7 16. Re2 Kh8 17. Nd2 Nac5 18. dxc5 Nxc5 19. Qc2 Nxd3 20. Qxd3 Bxb5 21. c4
dxc4 22. Qxd7 Bxd7 23. Nxc4 e5 24. b3 Bb5 25. Be3 Rfd8 26. Rd2 Rxd2 27. Nxd2 f5
28. Rc1 Bb4 29. Nc4 Rc8 30. Rb1 Bxc4 31. bxc4 Rxc4 32. Bxa7 Kg8 33. Bb6 Kf7 34.
Rd1 Kf6 35. Rd8 e4 36. g4 f4 37. Re8 Kf7 38. Rb8 Rc1+ 39. Kh2 Bd6 40. Rxb7+ Ke6
41. f3 e3 42. a6 e2 43. Bf2 e1=Q 44. Bxe1 Rxe1 45. a7 Re2+ 46. Kh1 Ra2 47. Rxg7
Bc5 48. Rxh7 Bxa7 49. Rb7 Bf2 50. Kg2 Bg3+ 51. Kg1 Bf2+ 52. Kf1 Be3 53. h4 Rf2+
54. Ke1 Rxf3 55. Ke2 Rg3 56. g5 Kf5 57. Rh7 Bd4 58. Rf7+ Ke4 59. Re7+ Be5 60.
Kf2 Rg4 61. Rh7 Bd4+  0-1

[Event "8th ITLukavac 2019"]
[Site "Lukavac, hotel Lukavac"]
[Date "2019.11.23"]
[Round "2"]
[Board "2"]
[White "Buljubasic, Sabahudin"]
[Black "Barisic, Predrag"]
[Result "1-0"]
[WhiteElo "2342"]
[BlackElo "2045"]
[PlyCount "45"]
[EventDate "2019.11.22"]
[EventRounds "7"]
[EventCountry "BIH"]

1. e4 e5 2. Nf3 Nf6 3. d4 exd4 4. e5 Ne4 5. Qxd4 Nc5 6. Bc4 Be7 7. Qg4 Kf8 8.
Qh5 Ne6 9. Nc3 c6 10. O-O b5 11. Bb3 Na6 12. a3 Nac5 13. Ba2 a5 14. Be3 Ba6 15.
Bxc5 Bxc5 16. Ne4 Be7 17. Rfd1 Qe8 18. Nd4 Nxd4 19. Rxd4 Ra7 20. Rad1 Bc8 21.
Nd6 Bxd6 22. exd6 f6 23. Qf3  1-0

[Event "8th ITLukavac 2019"]
[Site "Lukavac, hotel Lukavac"]
[Date "2019.11.23"]
[Round "2"]
[Board "3"]
[White "Mahmutbegovic, Muharem"]
[Black "Obad, Andrija"]
[Result "0-1"]
[WhiteElo "2042"]
[BlackElo "2321"]
[PlyCount "142"]
[EventDate "2019.11.22"]
[EventRounds "7"]
[EventCountry "BIH"]

1. e4 c5 2. Nf3 d6 3. d4 cxd4 4. Nxd4 Nf6 5. Nc3 a6 6. Be3 e5 7. Nb3 Be6 8. Be2
Nbd7 9. O-O Be7 10. f4 Rc8 11. f5 Bc4 12. Bxc4 Rxc4 13. Qd3 Qc7 14. h3 b5 15.
a3 O-O 16. Rac1 Rc8 17. g4 h6 18. Rf2 Rxc3 19. bxc3 Qxc3 20. Rff1 Qc6 21. Nd2
d5 22. exd5 Nxd5 23. Ne4 Nxe3 24. Qxe3 Nf6 25. Nxf6+ Bxf6 26. Rce1 Qxc2 27. Re2
Qc4 28. Rd1 Kh7 29. Kg2 Rc7 30. Qe4 Qb3 31. Rd3 Qb1 32. Rde3 Qa1 33. Re1 Qb2+
34. R1e2 Qc1 35. Qd3 Qc6+ 36. Qe4 Qc1 37. Qd3 Rc4 38. Re1 Qb2+ 39. R1e2 Qa1 40.
Re1 Qd4 41. Qxd4 exd4 42. Rd3 a5 43. Rb1 b4 44. axb4 axb4 45. Kf3 h5 46. Ke4
Kh6 47. Kd5 Rc3 48. Ke4 Rc4 49. Kd5 Rc3 50. Ke4 hxg4 51. hxg4 Kg5 52. Rxb4 Rc1
53. Rb2 Rg1 54. Rf2 Rxg4+ 55. Kd5 Rg1 56. Rdf3 Rg4 57. Rd2 Rf4 58. Rg2+ Kxf5
59. Rxf4+ Kxf4 60. Kc4 Kf3 61. Rg1 Kf2 62. Rg4 Kf3 63. Rg1 Kf2 64. Rg4 Be5 65.
Kd5 Kf3 66. Rg1 Kf2 67. Rg4 f6 68. Ke4 g5 69. Kd3 Bf4 70. Ke4 d3 71. Kxd3 f5
 0-1

[Event "8th ITLukavac 2019"]
[Site "Lukavac, hotel Lukavac"]
[Date "2019.11.23"]
[Round "2"]
[Board "4"]
[White "Trkulja, Goran"]
[Black "Savic, Milorad"]
[Result "1-0"]
[WhiteElo "2298"]
[BlackElo "2005"]
[PlyCount "81"]
[EventDate "2019.11.22"]
[EventRounds "7"]
[EventCountry "BIH"]

1. e4 c5 2. Nf3 Nc6 3. Bb5 e5 4. O-O d6 5. c3 Bg4 6. d4 a6 7. Bxc6+ bxc6 8.
dxe5 Bxf3 9. Qxf3 dxe5 10. Na3 Qf6 11. Qh3 h5 12. Rd1 Rd8 13. Be3 Nh6 14. Rxd8+
Qxd8 15. Qxh5 Qf6 16. Nc4 Be7 17. Qxe5 Ng4 18. Qxf6 Bxf6 19. Bf4 Bh4 20. f3 Nf6
21. Nd6+ Kf8 22. Nf5 Ne8 23. Rd1 Bf6 24. Bd6+ Nxd6 25. Rxd6 Ke8 26. Rxc6 Kd7
27. Rxc5 Rb8 28. b3 g6 29. Ne3 Be7 30. Ra5 Rc8 31. Nd5 Bc5+ 32. Kf1 Rc6 33. Ke2
Bg1 34. h3 Kd6 35. Kd3 Bh2 36. Nb4 Rc8 37. Rd5+ Ke6 38. Nxa6 f5 39. Nc5+ Kf6
40. exf5 gxf5 41. g4  1-0

[Event "8th ITLukavac 2019"]
[Site "Lukavac, hotel Lukavac"]
[Date "2019.11.23"]
[Round "2"]
[Board "5"]
[White "Pasalic, Adnan"]
[Black "Mrndjic, Muamer"]
[Result "0-1"]
[WhiteElo "2029"]
[BlackElo "2224"]
[PlyCount "46"]
[EventDate "2019.11.22"]
[EventRounds "7"]
[EventCountry "BIH"]

1. d4 Nf6 2. c4 Nc6 3. Nf3 e6 4. g3 d5 5. Bg2 dxc4 6. O-O Rb8 7. a4 a6 8. Bg5
Be7 9. Nc3 O-O 10. e4 b5 11. Bxf6 Bxf6 12. e5 Be7 13. axb5 axb5 14. Ne2 Nb4 15.
Nf4 Bb7 16. Qe2 Ra8 17. h4 h6 18. Nh5 Rxa1 19. Rxa1 Bxf3 20. Bxf3 Qxd4 21. Rd1
Nd3 22. Be4 Rd8 23. Nf4 Nxf4  0-1

[Event "8th ITLukavac 2019"]
[Site "Lukavac, hotel Lukavac"]
[Date "2019.11.23"]
[Round "2"]
[Board "6"]
[White "Bandic, Adnan"]
[Black "Pestek, Elvis"]
[Result "1-0"]
[WhiteElo "2218"]
[BlackElo "1972"]
[PlyCount "123"]
[EventDate "2019.11.22"]
[EventRounds "7"]
[EventCountry "BIH"]

1. e4 e6 2. d4 d5 3. Bd3 dxe4 4. Bxe4 Nf6 5. Bf3 Bd6 6. Ne2 Nbd7 7. O-O e5 8.
g3 exd4 9. Nxd4 Ne5 10. Nb5 Nxf3+ 11. Qxf3 O-O 12. Bg5 Be5 13. N1c3 c6 14. Rfe1
Bg4 15. Bxf6 Bxf3 16. Bxd8 Bxc3 17. Nxc3 Rfxd8 18. Re3 Bg4 19. Rae1 Kf8 20. f3
Be6 21. Ne4 Bd5 22. Nc3 Be6 23. b3 h6 24. R1e2 Rd7 25. Kf2 Rad8 26. h4 Rd2 27.
g4 b6 28. Kg3 Rxe2 29. Rxe2 Rd4 30. Ne4 Rd1 31. Rd2 Rxd2 32. Nxd2 Ke7 33. Kf4
f6 34. h5 c5 35. Ne4 Bd5 36. Ng3 Kf7 37. Nf5 Be6 38. Ke4 Kf8 39. c4 Kf7 40.
Nd6+ Ke7 41. Nb5 a6 42. Nc7 a5 43. Nd5+ Kd6 44. Nxb6 f5+ 45. Kf4 fxg4 46. fxg4
Bf7 47. Na4 g6 48. hxg6 Bxg6 49. Nc3 Bc2 50. Ne4+ Kc6 51. Ke5 Bd1 52. Kf5 Bc2
53. Kf4 Kb6 54. Nc3 Kc6 55. Ke5 Bg6 56. Kf6 Be8 57. Nd5 Bd7 58. Ne7+ Kb6 59.
Nf5 a4 60. Nxh6 axb3 61. axb3 Ka5 62. g5  1-0

[Event "8th ITLukavac 2019"]
[Site "Lukavac, hotel Lukavac"]
[Date "2019.11.23"]
[Round "2"]
[Board "7"]
[White "Mahmutbegovic, Nadina"]
[Black "Stavnjak, Lazar"]
[Result "1/2-1/2"]
[WhiteElo "1983"]
[BlackElo "2207"]
[PlyCount "109"]
[EventDate "2019.11.22"]
[EventRounds "7"]
[EventCountry "BIH"]

1. b3 d5 2. Bb2 Nf6 3. e3 Bf5 4. f4 e6 5. Nf3 Nbd7 6. Be2 h6 7. O-O c6 8. c4
dxc4 9. bxc4 Nc5 10. d4 Nce4 11. Nfd2 Qb6 12. Qb3 Qxb3 13. axb3 Nxd2 14. Nxd2
Bb4 15. Bc1 O-O 16. Ra2 Rfd8 17. h3 a6 18. Ba3 Bxa3 19. Rxa3 c5 20. Nf3 cxd4
21. Nxd4 Be4 22. Ra2 Rac8 23. Rd1 Kf8 24. Rad2 Ke7 25. Kf2 Rd7 26. g4 Rcd8 27.
h4 Bc6 28. Nxc6+ bxc6 29. Rxd7+ Rxd7 30. Rxd7+ Kxd7 31. b4 c5 32. b5 axb5 33.
cxb5 Kd6 34. Kf3 Nd5 35. e4 Nb6 36. Ke3 e5 37. fxe5+ Kxe5 38. g5 f6 39. gxh6
gxh6 40. Bf1 Nc8 41. Bd3 Nb6 42. Bf1 Kd6 43. Be2 Ke5 44. Bf1 f5 45. exf5 Kxf5
46. Bh3+ Ke5 47. Bf1 c4 48. Be2 Nd5+ 49. Kf3 c3 50. Bd3 Nb4 51. b6 Kd6 52. b7
Kc7 53. Be4 Nd5 54. Ke2 Nb4 55. Ke3  1/2-1/2

[Event "8th ITLukavac 2019"]
[Site "Lukavac, hotel Lukavac"]
[Date "2019.11.23"]
[Round "2"]
[Board "8"]
[White "Djuric, Zoran"]
[Black "Mesic, Ismet"]
[Result "1/2-1/2"]
[WhiteElo "2192"]
[BlackElo "1964"]
[PlyCount "86"]
[EventDate "2019.11.22"]
[EventRounds "7"]
[EventCountry "BIH"]

1. e4 e6 2. Nf3 d5 3. Nc3 Nf6 4. exd5 Nxd5 5. Nxd5 exd5 6. d4 Bd6 7. Bd3 O-O 8.
O-O h6 9. h3 Nc6 10. c3 Ne7 11. Qc2 b6 12. b3 Bb7 13. Re1 Rc8 14. Bd2 c5 15.
Qc1 Ng6 16. Qb1 Nf4 17. Bf5 Rc7 18. Ne5 Qg5 19. Bxf4 Qxf4 20. g3 Qd2 21. Qc1
Qxc1 22. Raxc1 g6 23. Bd3 Rfc8 24. Nf3 cxd4 25. Nxd4 a6 26. Ne2 Be5 27. c4 dxc4
28. Bxc4 b5 29. Bd3 Rxc1 30. Rxc1 Rxc1+ 31. Nxc1 Kf8 32. Kf1 Bf3 33. a4 Bb2 34.
Ne2 Bxe2+ 35. Kxe2 bxa4 36. bxa4 a5 37. Ke3 Bc3 38. f4 Ke7 39. f5 gxf5 40. Bxf5
Kf6 41. Bd3 Ke5 42. g4 f6 43. Kf3 Be1  1/2-1/2

[Event "8th ITLukavac 2019"]
[Site "Lukavac, hotel Lukavac"]
[Date "2019.11.23"]
[Round "2"]
[Board "9"]
[White "Zivkovic, Milenko"]
[Black "Kuzmanovic, Slobodan"]
[Result "1/2-1/2"]
[WhiteElo "1971"]
[BlackElo "2144"]
[PlyCount "117"]
[EventDate "2019.11.22"]
[EventRounds "7"]
[EventCountry "BIH"]

1. d4 Nf6 2. Nc3 d5 3. e4 dxe4 4. Bg5 Nbd7 5. Qe2 e6 6. O-O-O Be7 7. Nxe4 O-O
8. Nf3 Nxe4 9. Bxe7 Qxe7 10. Qxe4 c5 11. Bd3 Nf6 12. Qh4 h6 13. g4 cxd4 14. g5
Nd5 15. Rhg1 h5 16. Qxh5 g6 17. Qh6 Rd8 18. Ne5 Qf8 19. Qh4 Qg7 20. Ng4 e5 21.
Nf6+ Nxf6 22. gxf6 Qh7 23. Rxg6+ fxg6 24. f7+ Qxf7 25. Qxd8+ Qf8 26. Qd5+ Kg7
27. Qxe5+ Qf6 28. Qc7+ Kh6 29. Rg1 Bf5 30. Qf4+ Kh7 31. h4 Rf8 32. Bxf5 Qxf5
33. Qxd4 Qxf2 34. Qxf2 Rxf2 35. Rg4 Rh2 36. c4 Kh6 37. c5 Kh5 38. Rb4 Rxh4 39.
Rxb7 Rc4+ 40. Kb1 Rxc5 41. Rxa7 g5 42. b4 Rb5 43. a3 g4 44. Rh7+ Kg5 45. Kb2 g3
46. Kb3 Kf4 47. Rh1 g2 48. Rg1 Kf3 49. a4 Rh5 50. a5 Rh1 51. Rxg2 Kxg2 52. a6
Ra1 53. b5 Kf3 54. Kc4 Ke4 55. Kc5 Kd3 56. b6 Ra5+ 57. Kc6 Rxa6 58. Kc7 Rxb6
59. Kxb6  1/2-1/2

[Event "8th ITLukavac 2019"]
[Site "Lukavac, hotel Lukavac"]
[Date "2019.11.23"]
[Round "2"]
[Board "10"]
[White "Tomic, Jelena"]
[Black "Terzic, Ilijas"]
[Result "1/2-1/2"]
[WhiteElo "1961"]
[BlackElo "2120"]
[PlyCount "46"]
[EventDate "2019.11.22"]
[EventRounds "7"]
[EventCountry "BIH"]

1. e4 e6 2. d4 d5 3. e5 c5 4. c3 Nc6 5. Nf3 Qb6 6. a3 c4 7. Nbd2 Bd7 8. b3 cxb3
9. Qxb3 Qc7 10. Bd3 Na5 11. Qc2 Rc8 12. Bb2 Ne7 13. O-O Nc4 14. Nxc4 dxc4 15.
Be2 Nd5 16. g3 b5 17. Nd2 Nb6 18. Ne4 Bc6 19. Bf3 Be7 20. Bg2 Qb7 21. Bc1 h6
22. Qe2 Nd5 23. Bd2 Qd7  1/2-1/2

[Event "8th ITLukavac 2019"]
[Site "Lukavac, hotel Lukavac"]
[Date "2019.11.23"]
[Round "2"]
[Board "11"]
[White "Bojo, Leon"]
[Black "Selimovic, Amir"]
[Result "1-0"]
[WhiteElo "2119"]
[BlackElo "1958"]
[PlyCount "51"]
[EventDate "2019.11.22"]
[EventRounds "7"]
[EventCountry "BIH"]

1. d4 Nf6 2. c4 g6 3. Nc3 Bg7 4. Nf3 O-O 5. Bg5 d6 6. e3 c5 7. d5 Qa5 8. Nd2 a6
9. a4 Re8 10. Be2 Nfd7 11. Ra3 Nb6 12. O-O Bxc3 13. bxc3 Bd7 14. Qb1 Ra7 15.
Bd1 Nc8 16. Qc1 b5 17. axb5 Qb6 18. bxa6 Rxa6 19. Bc2 Qa7 20. Rxa6 Qxa6 21. Qb2
f6 22. Bh6 Nb6 23. Ra1 Nxc4 24. Rxa6 Nxb2 25. Ra2 Kf7 26. Rxb2  1-0

[Event "8th ITLukavac 2019"]
[Site "Lukavac, hotel Lukavac"]
[Date "2019.11.23"]
[Round "2"]
[Board "12"]
[White "Sabic, Muris"]
[Black "Markovic, Dino"]
[Result "0-1"]
[WhiteElo "1941"]
[BlackElo "2119"]
[PlyCount "104"]
[EventDate "2019.11.22"]
[EventRounds "7"]
[EventCountry "BIH"]

1. e4 e6 2. d3 d5 3. Nd2 Nf6 4. Ngf3 Nc6 5. Be2 dxe4 6. dxe4 Bc5 7. O-O e5 8.
c3 O-O 9. Qc2 a5 10. Nc4 Qe7 11. Be3 b5 12. Bxc5 Qxc5 13. Ne3 Ne7 14. a4 Bb7
15. Nd2 c6 16. Nb3 Qb6 17. c4 Rfd8 18. c5 Qc7 19. f3 b4 20. Nc4 Nc8 21. Rfd1
Rxd1+ 22. Rxd1 Ne8 23. Qd2 Ba6 24. Qd8 Kf8 25. Nbxa5 Bxc4 26. Qxc7 Nxc7 27.
Rd8+ Ne8 28. Bxc4 Rxa5 29. Rxc8 Rxc5 30. b3 Ke7 31. Rb8 Nd6 32. Rxb4 Ra5 33.
Bd3 Rc5 34. Rb6 Rc3 35. Be2 Kd7 36. a5 Kc7 37. Kf1 Rc1+ 38. Kf2 Ra1 39. b4 Rb1
40. b5 cxb5 41. Ke3 b4 42. Kd2 Rb2+ 43. Kd1 Nc8 44. Rb5 Kc6 45. Rxe5 Nd6 46. a6
b3 47. Ra5 Ra2 48. Rd5 Ra1+ 49. Kd2 b2 50. Bd3 b1=Q 51. Bxb1 Rxb1 52. Ra5 Nc4+
 0-1

[Event "8th ITLukavac 2019"]
[Site "Lukavac, hotel Lukavac"]
[Date "2019.11.23"]
[Round "2"]
[Board "13"]
[White "Onur, Cigdem"]
[Black "Katkic, Amel"]
[Result "1-0"]
[WhiteElo "1940"]
[BlackElo "2105"]
[PlyCount "39"]
[EventDate "2019.11.22"]
[EventRounds "7"]
[EventCountry "BIH"]

1. e4 d5 2. exd5 Qxd5 3. Nc3 Qa5 4. Bc4 Nf6 5. d3 c6 6. Bd2 Qc7 7. Qe2 e6 8.
Nf3 Bd6 9. Ng5 O-O 10. Nce4 Nxe4 11. Qxe4 g6 12. Bc3 Bf4 13. h4 b5 14. Bb3 a5
15. g3 a4 16. gxf4 axb3 17. h5 Rxa2 18. hxg6 Rxa1+ 19. Ke2 fxg6 20. Qxg6+  1-0

[Event "8th ITLukavac 2019"]
[Site "Lukavac, hotel Lukavac"]
[Date "2019.11.23"]
[Round "2"]
[Board "14"]
[White "Sestic, Nermin"]
[Black "Zenelaj, Fisnik"]
[Result "1-0"]
[WhiteElo "2105"]
[BlackElo "1901"]
[PlyCount "87"]
[EventDate "2019.11.22"]
[EventRounds "7"]
[EventCountry "BIH"]

1. d4 Nf6 2. Nf3 g6 3. c4 Bg7 4. e3 O-O 5. Be2 d6 6. O-O Bf5 7. Nc3 Ne4 8. Nxe4
Bxe4 9. Nd2 Bc6 10. b4 e5 11. d5 Be8 12. Bb2 Nd7 13. Qb3 f5 14. Rac1 b6 15.
Rfd1 a5 16. a3 g5 17. Nf1 h5 18. Bc3 g4 19. Qb2 axb4 20. axb4 Qg5 21. Ra1 Bg6
22. Rxa8 Rxa8 23. Ra1 Qd8 24. Ra3 Rxa3 25. Qxa3 e4 26. Bxg7 Kxg7 27. Qa7 Qb8
28. Qa4 Qd8 29. Nd2 Be8 30. Qa1+ Qf6 31. Qc1 h4 32. Nb3 Ne5 33. Nd4 Bd7 34. Qa1
c5 35. dxc6 Nxc6 36. Qa4 Ne5 37. Qa7 Kg6 38. Qxb6 h3 39. g3 Kf7 40. Qa7 Ke8 41.
b5 Qd8 42. b6 Nc6 43. Nxc6 Bxc6 44. b7  1-0

[Event "8th ITLukavac 2019"]
[Site "Lukavac, hotel Lukavac"]
[Date "2019.11.23"]
[Round "2"]
[Board "15"]
[White "Culum, Sanjin"]
[Black "Coric, Ahmed"]
[Result "1-0"]
[WhiteElo "1931"]
[BlackElo "2104"]
[PlyCount "85"]
[EventDate "2019.11.22"]
[EventRounds "7"]
[EventCountry "BIH"]

1. e4 c6 2. Nf3 d5 3. exd5 cxd5 4. Ne5 Nc6 5. Bb5 Bd7 6. Bxc6 bxc6 7. d4 Nf6 8.
Nc3 e6 9. Be3 Bd6 10. O-O Rb8 11. b3 Qc7 12. Re1 O-O 13. Bf4 c5 14. dxc5 Qxc5
15. Nxd7 Nxd7 16. Ne4 dxe4 17. Bxd6 Qc6 18. Bxb8 Rxb8 19. Qd4 Nf6 20. c4 a5 21.
Rad1 h6 22. Qd6 Qb7 23. h3 Rc8 24. Rc1 Kh7 25. Re3 Rc7 26. Qe5 Qb6 27. c5 Qc6
28. a3 Rd7 29. b4 Qb5 30. Rxe4 Rd5 31. Qf4 Qc6 32. Rec4 Rg5 33. g3 Rf5 34. Qe3
Rf3 35. b5 Qa8 36. Qe2 Rf5 37. Qd3 g6 38. Rf4 Rxf4 39. gxf4 Nd5 40. c6 Nxf4 41.
Qf3 g5 42. b6 Qa6 43. c7  1-0

[Event "8th ITLukavac 2019"]
[Site "Lukavac, hotel Lukavac"]
[Date "2019.11.23"]
[Round "2"]
[Board "16"]
[White "Savic, Petar A"]
[Black "Mulic, Sulejman"]
[Result "1-0"]
[WhiteElo "2099"]
[BlackElo "1892"]
[PlyCount "49"]
[EventDate "2019.11.22"]
[EventRounds "7"]
[EventCountry "BIH"]

1. c4 Nf6 2. Nc3 g6 3. g3 Bg7 4. Bg2 d6 5. d4 O-O 6. Nf3 c6 7. O-O Qa5 8. Bd2
Qh5 9. Re1 e5 10. dxe5 dxe5 11. Qb3 Na6 12. Ng5 Rd8 13. Bc1 Rb8 14. h3 Nc5 15.
Qa3 Bf8 16. Qxa7 Bf5 17. Bf3 Qh6 18. Be3 Qg7 19. Bxc5 h6 20. Bxf8 Qxf8 21. Nge4
Nxe4 22. Nxe4 Bxh3 23. Bg4 Bxg4 24. Nf6+ Kg7 25. Nxg4  1-0